Name a Bordering Country - Statistics

General Stats
  • This quiz has been taken 40 times
  • The average score is 22 of 30
Answer Stats
Hint Answer % Correct
Chile Argentina | Bolivia | Peru
100%
United States of America Canada | Mexico
100%
Sweden Finland | Norway
100%
United Kingdom Ireland
100%
Portugal Spain
100%
Dominican Republic Haiti
95%
Ecuador Colombia | Peru
92%
Panama Colombia | Costa Rica
86%
Slovenia Austria | Croatia | Hungary | Italy
84%
Liechtenstein Austria | Switzerland
84%
Tunisia Algeria | Libya
81%
Türkiye Armenia | Azerbaijan | Bulgaria | Georgia | Greece | Iran | Iraq | Syria
81%
Romania Bulgaria | Hungary | Moldova | Serbia | Ukraine
81%
Egypt Israel | Libya | Sudan
81%
Belarus Latvia | Lithuania | Poland | Russia | Ukraine
81%
Kuwait Iraq | Saudi Arabia
78%
Indonesia Malaysia | Papua New Guinea | Timor-Leste
78%
Yemen Oman | Saudi Arabia
78%
Turkmenistan Afghanistan | Iran | Kazakhstan | Uzbekistan
76%
Myanmar Bangladesh | China | India | Laos | Thailand
76%
Bhutan China | India
73%
Kyrgyzstan China | Kazakhstan | Tajikistan | Uzbekistan
73%
Nigeria Benin | Cameroon | Chad | Niger
65%
Mauritania Algeria | Mali | Morocco | Senegal
57%
Ghana Burkina Faso | Ivory Coast | Togo
57%
The Gambia Senegal
57%
Gabon Cameroon | Equatorial Guinea | Republic of the Congo
54%
Kenya Ethiopia | Somalia | South Sudan | Tanzania | Uganda
35%
Botswana Namibia | South Africa | Zambia | Zimbabwe
24%
Malawi Mozambique | Tanzania | Zambia
22%
No matching quizzes found
Score Distribution
Percent of People with Each Score
Percentile by Number Answered
Your Score History
You have not taken this quiz